[Event "AUTO-OPEN-4111"]
[Site "http://www.queenalice.com/game.php?id=1589863"]
[Date "2019.11.12"]
[Round "1"]
[White "Mercurium"]
[Black "CCapivara"]
[Result "0-1"]
[WhiteElo "2285"]
[BlackElo "2200"]

1. d4 d6 2. e4 Nf6 3. Nc3 c6 4. f4 Qa5 5. Bd3 e5 6. Nf3 Bg4 7. dxe5 dxe5 8. h3
Bxf3 9. Qxf3 Bb4 10. Bd2 Nbd7 11. a3 Bc5 12. Nd5 Qd8 13. Nxf6+ gxf6 14. f5 Qb6
15. O-O-O O-O-O 16. Bc4 Bd4 17. c3 Bc5 18. Bxf7 Kb8 19. g4 Be7 20. h4 Nc5 21. b4
Nd3+ 22. Kc2 Qa6 23. Kb3 b5 24. Bh6 Qa4+ 25. Ka2 Qc2+ 0-1

[Event "AUTO-OPEN-4111"]
[Site "http://www.queenalice.com/game.php?id=1589878"]
[Date "2019.11.12"]
[Round "1"]
[White "Mercurium"]
[Black "Tonto"]
[Result "1-0"]
[WhiteElo "2286"]
[BlackElo "1935"]

1. d4 d5 2. c4 Nf6 3. Nf3 Bf5 4. Nc3 e6 5. Bg5 Be7 6. e3 h6 7. Bh4 Nbd7 8. Qb3
Nb6 9. c5 Nc4 10. Bxc4 dxc4 11. Qxc4 c6 12. h3 b5 13. cxb6 Qxb6 14. O-O O-O 15.
b3 Rac8 16. Ne5 c5 17. Na4 Qa5 18. dxc5 g5 19. Bg3 Ne4 20. Qe2 Nxg3 21. fxg3 Rc7
22. Rac1 Bxc5 23. Nxc5 Rxc5 24. Rxc5 Qxc5 25. Nd7 Qc3 26. Rxf5 exf5 27. Nxf8
Kxf8 28. Qf2 Qc5 29. Kh2 h5 30. h4 f6 31. hxg5 fxg5 32. Qf3 Qc8 33. Qxh5 Qd8 34.
Qh8+ Ke7 35. Qe5+ Kf7 36. Qxf5+ Kg7 37. Qe5+ Kg6 38. g4 Qd7 39. Kg3 a6 40. e4
1-0

[Event "AUTO-OPEN-4111"]
[Site "http://www.queenalice.com/game.php?id=1589879"]
[Date "2019.11.12"]
[Round "1"]
[White "Tonto"]
[Black "Mercurium"]
[Result "0-1"]
[WhiteElo "1937"]
[BlackElo "2280"]

1. e4 c5 2. Bc4 Nc6 3. Nc3 e6 4. Nf3 a6 5. d4 b5 6. Be2 cxd4 7. Nxd4 Bb7 8. Be3
Nf6 9. Bf3 Ne5 10. O-O Nxf3+ 11. Qxf3 b4 12. Nce2 Bxe4 13. Qf4 Bg6 14. Rad1 Nd5
15. Qf3 Nxe3 16. fxe3 d5 17. Nc6 Qc7 18. Ned4 Bd6 19. h4 O-O 20. b3 Be4 21. Qg4
e5 22. Nf5 Bxf5 23. Ne7+ Bxe7 24. Rxf5 Qxc2 25. Rxe5 Bf6 26. Rexd5 Qxa2 27. Qxb4
Rab8 28. Qa4 Qxb3 29. Qxa6 Qxe3+ 30. Kh1 Qg3 31. h5 Rb2 32. R5d2 Rxd2 33. Rxd2
Qe1+ 34. Kh2 Qxd2 35. Qa4 Be5+ 36. Kh3 Qe3+ 37. Kg4 f5+ 38. Kh4 Qg3# 0-1

[Event "AUTO-MASTER-2891"]
[Site "http://www.queenalice.com/game.php?id=1589918"]
[Date "2019.11.12"]
[Round "1"]
[White "mvson33"]
[Black "Mercurium"]
[Result "0-1"]
[WhiteElo "1746"]
[BlackElo "2279"]

1. Nf3 g6 2. d4 Bg7 3. Bf4 d6 4. e3 Nf6 5. c4 Nh5 6. Bg3 Nxg3 7. hxg3 c5 8. Nc3
cxd4 9. exd4 Nc6 10. Qd2 Bg4 11. Be2 a6 12. O-O-O Qa5 13. Kb1 Bxf3 14. Bxf3 Qb4
15. Be2 Nxd4 16. Kc1 Nxe2+ 17. Qxe2 Bxc3 18. bxc3 Qxc3+ 19. Qc2 Qxc2+ 20. Kxc2
Rc8 21. Kb3 Rc5 22. Rh3 O-O 23. Rdh1 h5 24. g4 Kg7 25. gxh5 gxh5 26. Rxh5 Rxh5
27. Rxh5 Kg6 28. Rh3 f5 29. Re3 e5 30. Rd3 Rd8 31. c5 d5 32. a4 d4 33. Rg3+ Kf6
34. Kc2 Rc8 0-1

[Event "AUTO-MASTER-2891"]
[Site "http://www.queenalice.com/game.php?id=1589919"]
[Date "2019.11.12"]
[Round "1"]
[White "Mercurium"]
[Black "mvson33"]
[Result "1-0"]
[WhiteElo "2294"]
[BlackElo "1763"]

1. d4 Nf6 2. Nf3 d5 3. c4 e6 4. Nc3 dxc4 5. e4 Bb4 6. Bg5 Be7 7. Bxc4 Nbd7 8.
O-O O-O 9. e5 Nd5 10. Bxe7 Nxe7 11. Qc2 b6 12. Bd3 Bb7 13. Bxh7+ Kh8 14. Be4
Bxe4 15. Qxe4 c5 16. Qh4+ Kg8 17. Ng5 1-0

[Event "AUTO-MASTER-2891"]
[Site "http://www.queenalice.com/game.php?id=1589930"]
[Date "2019.11.12"]
[Round "1"]
[White "Clauceri"]
[Black "Mercurium"]
[Result "0-1"]
[WhiteElo "1928"]
[BlackElo "2277"]

1. c4 Nf6 2. Nc3 d6 3. d4 g6 4. e4 Bg7 5. Nf3 O-O 6. Be2 Nbd7 7. O-O c5 8. d5
Ne8 9. Bd2 Ne5 10. Nxe5 Bxe5 11. f4 Bd4+ 12. Kh1 f5 13. exf5 Bxf5 14. g4 Bd7 15.
Qc2 Qc8 16. h3 Nf6 17. Rae1 Rf7 18. Bd3 Bxg4 19. f5 Bxh3 20. Rf3 Bxf5 21. Bxf5
gxf5 22. Rxf5 Rg7 23. Bh6 Rg6 0-1

[Event "AUTO-MASTER-2891"]
[Site "http://www.queenalice.com/game.php?id=1589931"]
[Date "2019.11.12"]
[Round "1"]
[White "Mercurium"]
[Black "Clauceri"]
[Result "1-0"]
[WhiteElo "2275"]
[BlackElo "1930"]

1. d4 d5 2. c4 Nf6 3. Nf3 c6 4. Nc3 e6 5. Bg5 Nbd7 6. h3 Bd6 7. e3 O-O 8. Qc2 h6
9. Bh4 dxc4 10. Bxc4 Rb8 11. a4 a6 12. O-O Qc7 13. Bxf6 Nxf6 14. Rfe1 Bd7 15. a5
b5 16. axb6 Rxb6 17. Rxa6 Rfb8 18. Rxb6 Rxb6 19. b3 Nd5 20. Ra1 Nb4 21. Qd2 Nd5
22. e4 Nxc3 23. Qxc3 1-0

[Event "AUTO-MASTER-2891"]
[Site "http://www.queenalice.com/game.php?id=1589936"]
[Date "2019.11.12"]
[Round "1"]
[White "CCapivara"]
[Black "Mercurium"]
[Result "1/2-1/2"]
[WhiteElo "2215"]
[BlackElo "2270"]

1. e4 e6 2. d4 d5 3. exd5 exd5 4. Nf3 Be6 5. Bd3 Nf6 6. O-O Bd6 7. Re1 O-O 8.
Bg5 h6 9. Bh4 Nc6 10. c3 Bg4 11. Nbd2 g5 12. Bg3 Nh5 13. Bxd6 Qxd6 14. Qc2 Nf4
15. Bf5 Bxf5 16. Qxf5 Ne7 17. Qc2 Neg6 18. Ne5 Kg7 19. Ndf3 c6 20. Nxg6 Nxg6 21.
g3 Rfe8 22. Kg2 a6 23. Re2 Re6 24. Rae1 Rae8 25. Rxe6 1/2-1/2

[Event "AUTO-MASTER-2891"]
[Site "http://www.queenalice.com/game.php?id=1589937"]
[Date "2019.11.12"]
[Round "1"]
[White "Mercurium"]
[Black "CCapivara"]
[Result "1-0"]
[WhiteElo "2296"]
[BlackElo "2202"]

1. d4 d6 2. Nf3 Nf6 3. c4 c6 4. Nc3 Bg4 5. h3 Bh5 6. Bf4 Nbd7 7. g4 Bg6 8. Nh4
e5 9. Nxg6 hxg6 10. Bg5 Be7 11. Bg2 Qb6 12. dxe5 Nxe5 13. Bxf6 gxf6 14. b3 d5
15. cxd5 Bb4 16. Rc1 Qa5 17. Qd4 cxd5 18. O-O Bxc3 19. Rxc3 O-O 20. a4 Rfd8 21.
Rfc1 Kg7 22. g5 Rd6 23. gxf6+ Kxf6 24. f4 1-0

[Event "AUTO-OPEN-4112"]
[Site "http://www.queenalice.com/game.php?id=1590130"]
[Date "2019.11.15"]
[Round "1"]
[White "bmax"]
[Black "Mercurium"]
[Result "0-1"]
[WhiteElo "2136"]
[BlackElo "2270"]

1. d4 Nf6 2. Bf4 d6 3. e3 g6 4. c4 Bg7 5. Nc3 Nh5 6. Bg3 Nxg3 7. hxg3 Nd7 8. Nf3
c5 9. Qc2 cxd4 10. exd4 Nf6 11. O-O-O a6 12. Bd3 Bd7 13. Kb1 Rb8 14. Ng5 O-O 15.
Nce4 h6 16. Nxf6+ exf6 17. Ne4 Bf5 18. f3 d5 19. cxd5 Qxd5 20. Bc4 Bxe4 21. fxe4
Qg5 0-1

[Event "AUTO-OPEN-4112"]
[Site "http://www.queenalice.com/game.php?id=1590131"]
[Date "2019.11.15"]
[Round "1"]
[White "Mercurium"]
[Black "bmax"]
[Result "1-0"]
[WhiteElo "2278"]
[BlackElo "2128"]

1. e4 Nc6 2. d4 d5 3. Nc3 e6 4. Nf3 Nf6 5. exd5 exd5 6. Be3 a6 7. h3 Bd6 8. a3
O-O 9. Bd3 h6 10. Qd2 b5 11. O-O b4 12. Ne2 bxa3 13. bxa3 Rb8 14. c4 dxc4 15.
Bxc4 Ne4 16. Qc2 Ng5 17. Nxg5 hxg5 18. Bxf7+ Rxf7 19. Qxc6 Bb7 20. Qc4 Bd5 21.
Qc1 1-0

[Event "AUTO-OPEN-4112"]
[Site "http://www.queenalice.com/game.php?id=1590152"]
[Date "2019.11.15"]
[Round "1"]
[White "Mercurium"]
[Black "josebaron"]
[Result "1-0"]
[WhiteElo "2271"]
[BlackElo "2009"]

1. d4 d5 2. c4 Nf6 3. Nf3 e6 4. Nc3 Be7 5. Bg5 h6 6. Bh4 O-O 7. e3 dxc4 8. Bxc4
c6 9. O-O Nd5 10. Bxe7 Qxe7 11. e4 Nxc3 12. bxc3 Nd7 13. e5 a6 14. a4 Nb6 15.
Bb3 Nd5 16. Qd3 Bd7 17. Bc2 g6 18. h4 Kg7 19. g3 f5 20. exf6+ Qxf6 21. Ne5 Bc8
22. Nxg6 Rg8 23. Ne5 Kf8 24. Kh2 Rg7 25. Rab1 a5 26. Nc4 Qd8 27. Ne5 Qf6 28. Qc4
Ke8 29. Nxc6 Bd7 30. Rxb7 Bc8 31. Rxg7 Qxg7 32. Ne5 Ke7 33. Qc6 1-0

[Event "AUTO-OPEN-4112"]
[Site "http://www.queenalice.com/game.php?id=1590153"]
[Date "2019.11.15"]
[Round "1"]
[White "josebaron"]
[Black "Mercurium"]
[Result "0-1"]
[WhiteElo "1920"]
[BlackElo "2295"]

1. e4 e6 2. Nf3 d5 3. exd5 exd5 4. d4 Nf6 5. h3 Bd6 6. Be2 Be6 7. O-O c6 8. a3
Qc7 9. Nc3 Nbd7 10. Bd3 h6 11. Ne2 g5 12. Bxg5 hxg5 13. Nxg5 O-O-O 14. Nxe6 fxe6
15. c4 Rdg8 16. c5 Nxc5 17. dxc5 Bxc5 18. b4 Rxh3 0-1

[Event "AUTO-OPEN-4112"]
[Site "http://www.queenalice.com/game.php?id=1590154"]
[Date "2019.11.15"]
[Round "1"]
[White "Mercurium"]
[Black "wiktormool"]
[Result "1-0"]
[WhiteElo "2266"]
[BlackElo "2040"]

1. d4 e6 2. c4 Nf6 3. Nf3 h6 4. Nc3 Bb4 5. a3 Bxc3+ 6. bxc3 d5 7. cxd5 Nxd5 8.
c4 Nb6 9. e4 Bd7 10. Bd3 Ba4 11. Bc2 Bd7 12. Qd3 a6 13. O-O Nc6 14. Bf4 Qf6 15.
Bxc7 Nc8 16. d5 exd5 17. exd5 Nd8 18. Rfe1+ Kf8 19. Ne5 Be8 20. Rab1 Nd6 21. c5
Bb5 22. Bxd6+ Qxd6 23. Rxb5 1-0

[Event "AUTO-OPEN-4112"]
[Site "http://www.queenalice.com/game.php?id=1590155"]
[Date "2019.11.15"]
[Round "1"]
[White "wiktormool"]
[Black "Mercurium"]
[Result "0-1"]
[WhiteElo "2007"]
[BlackElo "2282"]

1. e4 g6 2. Nf3 Bg7 3. d4 d6 4. h3 c5 5. c3 cxd4 6. Nxd4 Nc6 7. Bb5 Bd7 8. Nxc6
bxc6 9. Bc4 Nf6 10. Qf3 O-O 11. Nd2 e6 12. O-O d5 13. exd5 cxd5 14. Bd3 Qb6 15.
Nb3 Bb5 16. Be3 Qc6 17. Nd4 Qb7 18. Bxb5 Rfc8 19. Qe2 a6 20. Bc6 Rxc6 21. Nxc6
Qxc6 22. Rfd1 Ne4 23. Bd4 e5 24. Be3 f5 25. Rd3 f4 26. Bd2 Nc5 27. Rf3 g5 28. c4
e4 29. Ra3 Bxb2 30. cxd5 Qxd5 0-1

[Event "AUTO-MASTER-2891"]
[Site "http://www.queenalice.com/game.php?id=1602602"]
[Date "2020.3.15"]
[Round "2"]
[White "AAP"]
[Black "Mercurium"]
[Result "1-0"]
[WhiteElo "2238"]
[BlackElo "2298"]

1. e4 c5 2. Nc3 Nc6 3. Nf3 d6 4. d4 cxd4 5. Nxd4 Nf6 6. Bg5 e6 7. Qd3 Be7 8.
O-O-O O-O 9. Nb3 Nb4 10. Qd2 a5 11. a3 Nc6 12. Bb5 Qc7 13. Bxf6 gxf6 14. Qh6 Ne5
15. f4 Ng4 16. Qh3 f5 17. exf5 exf5 18. Nd5 Qd8 19. Rhe1 Be6 20. Nd4 Kh8 21.
Nxe6 fxe6 22. Rxe6 Rf7 23. Rde1 1-0

[Event "AUTO-MASTER-2891"]
[Site "http://www.queenalice.com/game.php?id=1602603"]
[Date "2020.3.15"]
[Round "2"]
[White "Mercurium"]
[Black "AAP"]
[Result "0-1"]
[WhiteElo "2284"]
[BlackElo "2252"]

1. e4 c5 2. Nf3 e6 3. d4 cxd4 4. Nxd4 Nc6 5. Nc3 Nf6 6. a3 Be7 7. Bc4 O-O 8. Be3
Qc7 9. Qd2 Nxd4 10. Qxd4 Ng4 11. Bb3 b6 12. h3 Bc5 13. Qd2 Bxe3 14. fxe3 Qg3+
15. Kf1 Nh2+ 16. Rxh2 Qxh2 17. Ne2 f5 18. exf5 Rxf5+ 19. Nf4 Ba6+ 20. Kf2 Raf8
21. Qxd7 Rxf4+ 22. exf4 Rxf4+ 0-1

[Event "AUTO-MASTER-2891"]
[Site "http://www.queenalice.com/game.php?id=1602604"]
[Date "2020.3.15"]
[Round "2"]
[White "Rutty"]
[Black "Mercurium"]
[Result "0-1"]
[WhiteElo "2131"]
[BlackElo "2287"]

1. e4 g6 2. Nf3 c5 3. Bc4 Bg7 4. O-O Nc6 5. Nc3 d6 6. d4 Nxd4 7. Nxd4 Bxd4 8.
Nb5 Bg7 9. Qf3 Nf6 10. Bf4 a6 11. Nc3 O-O 12. Rad1 Bg4 0-1

[Event "AUTO-MASTER-2891"]
[Site "http://www.queenalice.com/game.php?id=1602605"]
[Date "2020.3.15"]
[Round "2"]
[White "Mercurium"]
[Black "Rutty"]
[Result "0-1"]
[WhiteElo "2212"]
[BlackElo "2099"]

1. d4 d5 2. c4 c6 3. Nc3 Nf6 4. Nf3 Bg4 5. h3 Bxf3 6. exf3 g6 7. Qc2 Bg7 8. Be3
O-O 9. Bd3 Nbd7 10. f4 dxc4 11. Bxc4 Nb6 12. Bb3 e6 13. g4 Nfd5 14. O-O-O Nxc3
15. bxc3 Nd5 16. f5 Nxe3 17. fxe3 exf5 18. gxf5 Qg5 19. fxg6 Qxe3+ 20. Kb2 hxg6
21. Qxg6 Qe2+ 22. Qc2 Qxc2+ 23. Kxc2 Rfe8 24. Rdf1 Re7 25. Rhg1 Rf8 26. Rg2 Kh7
27. Rfg1 f6 28. Rg4 f5 29. Rh4+ Bh6 30. Bc4 Rg7 31. Rf1 Rg2+ 32. Kb3 f4 33. Bd3+
Kg7 34. Rg4+ Rxg4 35. hxg4 Kf6 0-1

[Event "AUTO-OPEN-4112"]
[Site "http://www.queenalice.com/game.php?id=1606713"]
[Date "2020.4.9"]
[Round "2"]
[White "Artking"]
[Black "Mercurium"]
[Result "1-0"]
[WhiteElo "2076"]
[BlackElo "2230"]

1. e4 g6 2. d4 Bg7 3. Nf3 d6 4. c3 Nf6 5. Bd3 a5 6. O-O Na6 7. Nbd2 O-O 8. Ne1
c5 9. f4 cxd4 10. cxd4 Nb4 11. Be2 Nd7 12. Nef3 e5 13. fxe5 dxe5 14. d5 Nc5 15.
Nc4 Nxe4 16. d6 Be6 17. Nfxe5 Bxc4 18. Bxc4 Bxe5 19. Qf3 Nxd6 20. Bd5 Nxd5 21.
Qxd5 Qb6+ 22. Kh1 Bd4 23. Bh6 Bg7 24. Bxg7 Kxg7 25. Rad1 Nf5 26. Qe5+ 1-0

[Event "AUTO-OPEN-4112"]
[Site "http://www.queenalice.com/game.php?id=1606714"]
[Date "2020.4.9"]
[Round "2"]
[White "Mercurium"]
[Black "Artking"]
[Result "0-1"]
[WhiteElo "2248"]
[BlackElo "2052"]

1. d4 Nf6 2. Nf3 c6 3. c4 g6 4. Nc3 Bg7 5. e4 d6 6. h3 Nbd7 7. Qc2 e5 8. Be3 O-O
9. Bd3 a6 10. O-O Qe8 11. d5 c5 12. Nd2 Nh5 13. Be2 Nf4 14. Bg4 f5 15. exf5 gxf5
16. Bxf5 Nf6 17. Bxc8 Qxc8 18. Bxf4 exf4 19. Nf3 h6 20. Rab1 Qd7 21. b4 b6 22.
bxc5 bxc5 23. Nd2 Rae8 24. Rfe1 Re5 25. Rxe5 dxe5 0-1

[Event "AUTO-OPEN-4112"]
[Site "http://www.queenalice.com/game.php?id=1606721"]
[Date "2020.4.9"]
[Round "2"]
[White "Palmeiras"]
[Black "Mercurium"]
[Result "1-0"]
[WhiteElo "2605"]
[BlackElo "2213"]

1. e4 c5 2. Nf3 Nc6 3. d4 cxd4 4. Nxd4 Nf6 5. Nc3 d6 6. Bg5 e6 7. Qd2 a6 8.
O-O-O Be7 9. Bxf6 gxf6 10. Kb1 Nxd4 11. Qxd4 e5 12. Qe3 Be6 13. f4 exf4 14. Qxf4
Qb6 15. Nd5 Bxd5 16. exd5 O-O-O 17. Re1 Rde8 18. Qa4 f5 19. Bd3 Qf2 20. Re2 1-0

[Event "AUTO-OPEN-4112"]
[Site "http://www.queenalice.com/game.php?id=1606722"]
[Date "2020.4.9"]
[Round "2"]
[White "Mercurium"]
[Black "Palmeiras"]
[Result "0-1"]
[WhiteElo "2197"]
[BlackElo "2609"]

1. d4 Nf6 2. Nf3 e6 3. c4 b6 4. Nc3 Bb4 5. a3 Bxc3+ 6. bxc3 Bb7 7. Bg5 h6 8.
Bxf6 Qxf6 9. e3 O-O 10. Be2 Nc6 11. O-O Na5 12. Ne5 d6 13. Nf3 c5 14. Qc2 Rac8
15. Rfd1 Bxf3 16. gxf3 cxd4 17. cxd4 Nxc4 18. Bxc4 d5 19. Qa4 Rxc4 20. Qxa7 Rfc8
21. Qxb6 Qxf3 0-1

[Event "AUTO-OPEN-4112"]
[Site "http://www.queenalice.com/game.php?id=1606725"]
[Date "2020.4.9"]
[Round "2"]
[White "Bigchess"]
[Black "Mercurium"]
[Result "0-1"]
[WhiteElo "1866"]
[BlackElo "2296"]

1. e4 c5 2. d4 cxd4 3. Bc4 Nc6 4. Nf3 e5 5. c3 Nf6 6. cxd4 exd4 7. Nxd4 Nxe4 8.
Nxc6 bxc6 9. O-O d5 10. Bb3 Bc5 11. Nd2 Nf6 12. Nf3 Be6 13. Bg5 O-O 14. Ne5 Qc7
15. Nf3 Ne4 16. Bh4 a5 17. Bc2 f5 18. Nd4 Bd7 19. Ba4 Rab8 20. Rb1 Rb4 21. Bxc6
Rxd4 22. Bxd5+ Kh8 23. Qb3 a4 0-1

[Event "AUTO-OPEN-4112"]
[Site "http://www.queenalice.com/game.php?id=1606726"]
[Date "2020.4.9"]
[Round "2"]
[White "Mercurium"]
[Black "Bigchess"]
[Result "1-0"]
[WhiteElo "2297"]
[BlackElo "1769"]

1. e4 e5 2. f4 d5 3. Nf3 dxe4 4. Nxe5 Nf6 5. Bc4 Be6 6. Bxe6 fxe6 7. Nc3 Be7 8.
Qe2 O-O 9. Nxe4 Nxe4 10. Qxe4 c6 11. d4 Nd7 12. Be3 Nf6 13. Qd3 Bb4+ 14. c3 Ba5
15. O-O-O Bb6 16. g4 Bc7 17. Qc4 Nd5 18. Rde1 Bxe5 19. dxe5 b5 20. Qxc6 b4 21.
Qxe6+ Kh8 22. Rd1 Qa5 23. Qxd5 Qa4 24. cxb4 1-0